[Event "Anibal op 5th"]
[Site "Linares"]
[Date "1998.01.24"]
[Round "5"]
[White "Xu Jun"]
[Black "Frois, Antonio"]
[Result "1-0"]
[WhiteElo "2520"]
[BlackElo "2385"]

1.d4 d5 2.c4 e6 3.Nf3 Nf6 4.Nc3 Be7 5.Bf4 O-O 6.e3 c5 7.dxc5 Bxc5 8.Qc2 Nc6
9.a3 Qa5 10.O-O-O Be7 11.h4 a6 12.Ng5 dxc4 13.Bxc4 h6 14.Ba2 hxg5 15.hxg5 Qf5
16.Qe2 Rd8 17.gxf6 Rxd1+ 18.Qxd1 Bxf6 19.Rh5 Qg6 20.Qh1  1-0

[Event "Hoogovens"]
[Site "Wijk aan Zee"]
[Date "1998.01.24"]
[Round "7"]
[White "Van Wely, Loek"]
[Black "Kramnik, Vladimir"]
[Result "1-0"]
[WhiteElo "2605"]
[BlackElo "2790"]

1.d4 Nf6 2.c4 e6 3.Nf3 d5 4.Nc3 Be7 5.Bf4 O-O 6.e3 c5 7.dxc5 Bxc5 8.a3 Nc6
9.Qc2 Qa5 10.O-O-O Be7 11.Kb1 a6 12.Nd2 Qb6 13.Nb3 Na5 14.Nxa5 Qxa5 15.cxd5 exd5
16.Be5 Be6 17.Bd3 Rac8 18.Qd2 d4 19.Bxd4 Rfd8 20.Rc1 g6 21.Rhd1 Ne8 22.f3 Nd6
23.e4 Nc4 24.Bxc4 Rxc4 25.Qf2 Rdxd4 26.Rxd4 Bc5 27.Ne2 Qb6 28.Rcd1 Qb3 29.R1d2 Rxd4
30.Rxd4 Kg7 31.Nf4 Qa2+ 32.Kc2 Bb3+ 33.Kc3 Be6 34.Qc2 Bxd4+ 35.Kxd4 Bd7 36.Kc5 Qa1
37.Nd5 Be6 38.Qc3+ Kh6 39.Qe3+ Kg7 40.Qd4+ Kh6 41.Kb6 Qf1 42.Qd2+ Kg7 43.Kxb7 Qb5+
44.Nb6 f6 45.Qd6 Bf7 46.b4 g5 47.a4  1-0

[Event "Anibal op 5th"]
[Site "Linares"]
[Date "1998.01.29"]
[Round "10"]
[White "Savchenko, Stanislav"]
[Black "Asrian, Karen"]
[Result "1/2-1/2"]
[WhiteElo "2595"]
[BlackElo "2555"]

1.Nf3 Nf6 2.c4 e6 3.Nc3 d5 4.d4 Be7 5.Bf4 a6 6.e3 dxc4 7.Bxc4 b5 8.Bd3 Bb7
9.Qe2 Nbd7 10.Rd1 c5 11.dxc5 b4 12.Nb1  1/2-1/2

[Event "AUT-chT3 9798"]
[Site "Vorarlberg "]
[Date "1998.01.30"]
[Round "7"]
[White "Gehrmann, Holger"]
[Black "Dorner, Guenther"]
[Result "1/2-1/2"]
[WhiteElo "2100"]
[BlackElo "2110"]

1.d4 d5 2.c4 e6 3.Nc3 Be7 4.Nf3 Nf6 5.Bf4 c6 6.e3 Nbd7 7.Bd3 O-O 8.Ne5 dxc4
9.Nxc4 Nd5 10.Bg3 N7f6 11.Be5 b5 12.Nd2 a6 13.Nce4 Nxe4 14.Nxe4 Qa5+ 15.Kf1 f6
16.Bg3 e5 17.h4 Be6 18.Qh5 g6 19.Qe2 f5 20.Ng5 Bxg5 21.hxg5 e4 22.Bc2 Nf4
23.Bxf4 Bc4 24.Bb3 Bxb3 25.Qe1 Bc4+ 26.Kg1 Qxe1+ 27.Rxe1 Bxa2 28.Ra1 Bd5
29.b4 Rfd8  1/2-1/2

[Event "Cappelle op"]
[Site "Cappelle la Grande"]
[Date "1998.02.28"]
[Round "9"]
[White "Atalik, Suat"]
[Black "Kruppa, Yuri"]
[Result "1/2-1/2"]
[WhiteElo "2595"]
[BlackElo "2540"]

1.d4 e6 2.c4 Nf6 3.Nf3 d5 4.Nc3 Be7 5.Bf4 O-O 6.e3 c5 7.dxc5 Bxc5 8.Qc2 Nc6
9.a3 Qa5 10.O-O-O Be7 11.Kb1 h6 12.Nd2 Qb6 13.cxd5 exd5 14.Nb5 Ne8 15.Nb3 a6  1/2-1/2

[Event "Amber-blind 7th"]
[Site "Monte Carlo"]
[Date "1998.03.18"]
[Round "6"]
[White "Piket, Jeroen"]
[Black "Ljubojevic, Ljubomir"]
[Result "1-0"]
[WhiteElo "2575"]
[BlackElo "2565"]

1.d4 d5 2.c4 e6 3.Nf3 Nf6 4.Nc3 Be7 5.Bf4 O-O 6.e3 b6 7.cxd5 exd5 8.Bd3 Bb7
9.O-O Nh5 10.Be5 Nd7 11.Rc1 g6 12.Qa4 a6 13.Rfd1 Rc8 14.Bxa6 Ra8 15.Bxb7 Rxa4
16.Nxa4 Nxe5 17.dxe5 c5 18.Bxd5 Qc7 19.Nc3 Ng7 20.Bc4 Ne6 21.Nd5 Qb7 22.a4 Bd8
23.b3 Kg7 24.Rd3 Qb8 25.Rcd1 Re8 26.h4 Nf8 27.Bb5 Rxe5 28.Nb4 Bf6 29.Nc6 Qc7
30.Ncxe5 Bxe5 31.Nxe5 Qxe5 32.Rd6 Qh5 33.Bc4 Qxh4 34.Rxb6 Qg4 35.Ra1 Nd7
36.a5 Nxb6 37.axb6 Qd7 38.Ba6 Kf6 39.b7 Qc7 40.Rc1 Qd6 41.Rxc5 Qd1+ 42.Bf1 Qxb3
43.Rb5  1-0

[Event "Amber-rapid 7th"]
[Site "Monte Carlo"]
[Date "1998.03.20"]
[Round "7"]
[White "Topalov, Veselin"]
[Black "Karpov, Anatoly"]
[Result "1-0"]
[WhiteElo "2740"]
[BlackElo "2735"]

1.Nf3 Nf6 2.c4 e6 3.Nc3 d5 4.d4 Be7 5.Bf4 O-O 6.e3 c5 7.dxc5 Bxc5 8.a3 Nc6
9.Qc2 Qa5 10.O-O-O Be7 11.Kb1 Rd8 12.Nd2 Qb6 13.c5 Qxc5 14.Nb3 Nb4 15.axb4 Qxb4
16.Rd4 Qb6 17.Nb5 Ne8 18.Nc7 e5 19.Bxe5 Bf5 20.Bd3 Bxd3 21.Rxd3 Rac8 22.Rc3 Bb4
23.Nxd5 Rxc3 24.Nxc3 Qe6 25.Bg3 Bxc3 26.Qxc3 Qe4+ 27.Qc2 Qxg2 28.Rd1 Ra8
29.Nc5 Nf6 30.Qf5 h6 31.Nd7 Nxd7 32.Qxd7 Qf3 33.Qd5 Qe2 34.Rc1 Re8 35.h4 h5
36.b3 Qg4 37.Kb2 b6 38.Rc7 Qe2+ 39.Rc2 Qg4 40.Rc7 Qe2+ 41.Ka3 Qa6+ 42.Kb4 Re6
43.Qf5  1-0

[Event "Amber-blind 7th"]
[Site "Monte Carlo"]
[Date "1998.03.21"]
[Round "8"]
[White "Kramnik, Vladimir"]
[Black "Karpov, Anatoly"]
[Result "1/2-1/2"]
[WhiteElo "2790"]
[BlackElo "2735"]

1.Nf3 Nf6 2.c4 e6 3.Nc3 d5 4.d4 Be7 5.Bf4 O-O 6.e3 c5 7.dxc5 Bxc5 8.a3 Nc6
9.Qc2 Qa5 10.O-O-O Be7 11.g4 dxc4 12.Bxc4 e5 13.g5 exf4 14.gxf6 Bxf6 15.Nd5 Ne7
16.Nxf6+ gxf6 17.Rhg1+ Kh8 18.e4 b5 19.Bd5 Nxd5 20.exd5 Bd7 21.Kb1 b4 22.Rd4 Rg8
23.Rxg8+ Rxg8 24.Qd2 Bf5+ 25.Ka2 Rd8 26.Qxb4 Qxb4 27.axb4 Rxd5 28.Rxd5 Be6
29.Ka3 Bxd5 30.Nd4 Kg7 31.b5 Kg6 32.Nc6 Kg5 33.Nxa7 Ba8 34.b6 Kg4 35.Nb5 Kf3
36.Nd6 Kxf2 37.b7 Bxb7 38.Nxb7 Ke3 39.Nd6 f3 40.Nf5+ Kd3 41.Ng3 f2 42.b4 f5
43.h4 f4 44.Nf1 Ke2 45.Nh2 f1=Q 46.Nxf1 Kxf1 47.b5 f3 48.b6 f2 49.b7 Kg2
50.b8=Q f1=Q 51.Qg8+ Kh3 52.Qxh7 f5 53.h5 Qd3+ 54.Kb2 Qd2+ 55.Kb3 Qd3+ 56.Kb2 Qd2+  1/2-1/2

[Event "Amber-blind 7th"]
[Site "Monte Carlo"]
[Date "1998.03.25"]
[Round "10"]
[White "Van Wely, Loek"]
[Black "Karpov, Anatoly"]
[Result "1/2-1/2"]
[WhiteElo "2605"]
[BlackElo "2735"]

1.d4 Nf6 2.c4 e6 3.Nf3 d5 4.Nc3 Be7 5.Bf4 O-O 6.e3 c5 7.dxc5 Bxc5 8.a3 Nc6
9.Qc2 Qa5 10.O-O-O Be7 11.Kb1 a6 12.Nd2 Qb6 13.Nb3 Na5 14.Nxa5 Qxa5 15.cxd5 exd5
16.Be5 Be6 17.Bd3 Ne4 18.f3 Rfc8 19.Bxg7 Kxg7 20.fxe4 dxe4 21.Bxe4 Bf6 22.Rd4 Bxd4
23.exd4 f5 24.Bf3 Qb6 25.Qd2 Bf7 26.d5 Rd8 27.Rd1 Qh6 28.Qd4+ Qf6 29.Qf4 Rac8
30.Rd4 b5 31.h4 h6 32.h5 Qg5 33.Qe5+ Qf6 34.Qf4 Qg5 35.Qe5+ Qf6  1/2-1/2

[Event "Hampstead IM"]
[Site "Hampstead"]
[Date "1998.03.29"]
[Round "7"]
[White "Dearing, Eddie"]
[Black "Houska, Miroslav"]
[Result "1/2-1/2"]
[WhiteElo "2295"]
[BlackElo "2385"]

1.d4 d5 2.c4 e6 3.Nc3 Be7 4.Nf3 Nf6 5.Bf4 O-O 6.e3 a6 7.Bd3 dxc4 8.Bxc4 b5
9.Bd3 Bb7 10.h3 Nbd7 11.O-O c5 12.Rc1 Rc8 13.dxc5 Nxc5 14.Bb1 Qb6 15.b4 Ncd7
16.a3 Qa7 17.e4 Qa8 18.Qe2 Nb6 19.Rfd1 Nc4 20.e5 Bxf3 21.gxf3 Nh5 22.Be3 Nxe3
23.fxe3 Qa7 24.Kh2 g6 25.Ne4 Rxc1 26.Rxc1 a5 27.Bd3 axb4 28.axb4 Bxb4 29.Bxb5 Rb8
30.Bd3 Qa5 31.f4 Rd8 32.Rg1 Kh8 33.Ng5 Qa7 34.Ne4 Ng7 35.Rb1 Be7 36.Nd2 Bc5
37.Nc4 Nh5 38.Be4 Qa4 39.Qc2 Qxc2+ 40.Bxc2 Ng7 41.Kg2 Nf5 42.Kf3 Kg7 43.Rb5 Rc8
44.Bd3 Rc7 45.Rb1  1/2-1/2

[Event "Zepter op"]
[Site "Minsk"]
[Date "1998.05.03"]
[Round "9"]
[White "Tunik, Gennady"]
[Black "Azarov, Sergei"]
[Result "1/2-1/2"]
[WhiteElo "2470"]
[BlackElo "2150"]

1.d4 d5 2.c4 e6 3.Nf3 Nf6 4.Nc3 Be7 5.Bf4 O-O 6.e3 c5 7.dxc5 Bxc5 8.a3 Nc6
9.Be2 Ne4 10.Nxe4 dxe4 11.Qxd8 Rxd8 12.Nd2 f5 13.O-O-O e5 14.Bg3 Be6 15.Bh4 Rxd2
16.Rxd2 a5 17.Bg3 Re8 18.h4 f4 19.exf4 e3 20.Rdd1 Nd4 21.Bd3 e4 22.Bxe4 Bxc4
23.Bxb7 e2 24.Rde1 Re7 25.Bc8 Bd5 26.Bh3 a4 27.f3 Bc4 28.f5 Nb3+ 29.Kc2 Rd7
30.f6 Rd2+ 31.Kc3 Bf7 32.Be5 gxf6 33.Bxf6 Kf8 34.Bf5 Bb6 35.Kb4 Nd4 36.Bxd4 Bxd4
37.Kxa4 Rxb2 38.Rb1 Be8+ 39.Ka5 Bc3+ 40.Ka6 Rxb1 41.Rxb1 h6 42.Bc2 e1=Q 43.Rxe1 Bxe1
44.a4 Bxh4 45.a5 Bd8 46.Bd3 Bd7 47.Bg6 Ke7 48.f4 Bc7 49.g3 Kd6 50.Bh5 Kc5
51.Kb7 Bxa5 52.g4 Bc6+ 53.Ka6 Bd2 54.g5 hxg5 55.fxg5 Bxg5 56.Bg4 Bd8 57.Bf5 Bc7
58.Bg4 Bd5 59.Bh5 Be4 60.Bf7 Bb6 61.Bh5 Bf5 62.Kb7 Bd7 63.Bf3  1/2-1/2

[Event "FRA-chT"]
[Site "FRA"]
[Date "1998.05.09"]
[Round "9"]
[White "Kallai, Gabor"]
[Black "Marciano, David"]
[Result "1/2-1/2"]
[WhiteElo "2470"]
[BlackElo "2485"]

1.d4 Nf6 2.c4 e6 3.Nf3 d5 4.Nc3 Be7 5.Bf4 O-O 6.e3 c5 7.dxc5 Bxc5 8.a3 Nc6
9.Qc2 Qa5 10.Rd1 Be7 11.Nd2 e5 12.Bg5 d4 13.Nb3 Qb6 14.Bxf6 Bxf6 15.Nd5 Qd8
16.Bd3 g6 17.Nxf6+ Qxf6 18.exd4 Nxd4 19.Nxd4 exd4 20.O-O Be6 21.Be4 Rac8
22.b3 Rc7 23.Rd2 Rd8 24.Rfd1 b6 25.Qd3 Kg7 26.Bd5 Bf5 27.Qf3 h5 28.h3 d3
29.Be4 Bxe4 30.Qxe4 Re7 31.Qf3 Qxf3 32.gxf3 Red7 33.Re1 Kf6 34.Re3 Rd4 35.b4 Rxc4
36.Rexd3 Rxd3 37.Rxd3 Ke6 38.Kg2 a5 39.bxa5 bxa5 40.Rb3 Ra4 41.Rd3 Ke5 42.Kg3 h4+
43.Kg2 g5 44.Rb3 f6 45.Rb5+ Ke6 46.Rb6+ Kf5 47.Rb5+ Kg6 48.Rb3 Rd4 49.Rb5 a4
50.Ra5 Rf4 51.Rb5 Kf7 52.Rb6 Ke7 53.Ra6 Kf7 54.Rb6 Rd4 55.Ra6 Kg6 56.Ra5 Rf4  1/2-1/2

[Event "ISR-Kasparov handicap"]
[Site "Tel Aviv"]
[Date "1998.05.21"]
[Round "2.1"]
[White "Alterman, Boris"]
[Black "Kasparov, Gary"]
[Result "0-1"]
[WhiteElo "2615"]
[BlackElo "2825"]

1.d4 d5 2.c4 e6 3.Nc3 Be7 4.Nf3 Nf6 5.Bf4 O-O 6.e3 c5 7.dxc5 Bxc5 8.a3 Nc6
9.Qc2 Qa5 10.Rd1 Be7 11.Nd2 e5 12.Bg5 d4 13.Nb3 Qd8 14.Be2 a5 15.Na4 g6 16.Bxf6 Bxf6
17.c5 Be6 18.e4 Qe8 19.Nb6 a4 20.Nd2 Ra5 21.Bd3 Be7 22.Nxa4 Nb8 23.b3 Bxb3
24.Nxb3 Rxa4 25.Ra1 Qc6 26.O-O Nd7 27.Qe2 Nxc5 28.Rfc1 Ra7 29.Nxc5 Bxc5 30.a4 Qd6
31.Qa2 b6 32.Qb3 Kg7 33.Ra2 Ra5 34.Rd1 h5 35.Re2 h4 36.Bb5 Ra7 37.Qd3 Qe6
38.Bc4 Qg4 39.Bb5 Bb4 40.h3 Qg5 41.Rc2 Bc3 42.Qf3 Rc8 43.Rb1 Rc5 44.Kh2 Rac7
45.Bd3 Ba5 46.Rxc5 Rxc5 47.Rb5 Rc1 48.Rd5 Bd2 49.g3 hxg3+ 50.fxg3 Be1  0-1

[Event "BCF-chT 97/98 (4NCL)"]
[Site "GBR"]
[Date "1998.05.25"]
[Round "11"]
[White "Plaskett, Jim"]
[Black "Littlewood, Paul E"]
[Result "1/2-1/2"]
[WhiteElo "2445"]
[BlackElo "2435"]

1.d4 Nf6 2.c4 e6 3.Nf3 d5 4.Nc3 Be7 5.Bf4 O-O 6.e3 c5 7.dxc5 Bxc5 8.Qc2 Nc6
9.a3 Qa5 10.O-O-O a6 11.h4 dxc4 12.Ng5 Be7 13.Bxc4 Ne5 14.Nd5 exd5 15.Bxe5 dxc4
16.Bxf6 Bf5 17.Qc3 Qxc3+ 18.Bxc3 Rfd8 19.Nf3 Bg4 20.Rxd8+ Rxd8 21.Nd4 h5
22.f3 Bc8 23.Ne2 b5 24.Nf4 g6 25.e4 Bb7 26.g3 Bc5 27.Rd1 Rxd1+ 28.Kxd1 Bf2
29.Be1 Bd4 30.Bc3 Bf2 31.Be1 Bd4 32.Bc3  1/2-1/2

[Event "Sigeman & Co"]
[Site "Malmo"]
[Date "1998.06.09"]
[Round "1"]
[White "Sokolov, Ivan"]
[Black "Spassky, Boris V"]
[Result "1/2-1/2"]
[WhiteElo "2625"]
[BlackElo "2535"]

1.d4 Nf6 2.c4 e6 3.Nf3 d5 4.Nc3 Be7 5.Bf4 O-O 6.e3 Nbd7 7.c5 c6 8.Bd3 b6
9.b4 a5 10.a3 Ba6 11.b5 cxb5 12.c6 Qc8 13.Rc1 Qxc6 14.Ne2 Nc5 15.dxc5 bxc5
16.a4 b4 17.Ned4 Qb7 18.Bxa6 Rxa6 19.Nb5 Rc8 20.O-O c4  1/2-1/2

[Event "Sigeman & Co"]
[Site "Malmo"]
[Date "1998.06.14"]
[Round "6"]
[White "Hansen, Curt"]
[Black "Spassky, Boris V"]
[Result "1/2-1/2"]
[WhiteElo "2595"]
[BlackElo "2535"]

1.d4 d5 2.c4 e6 3.Nc3 Be7 4.Nf3 Nf6 5.Bf4 O-O 6.e3 Nbd7 7.cxd5 Nxd5 8.Nxd5 exd5
9.Bd3 Bb4+ 10.Nd2 Nf6 11.O-O Bd6 12.Bxd6 Qxd6 13.Qb3 Re8 14.Rfc1 c6 15.Rc3 a5
16.Rb1 g6 17.Qc2 Kg7 18.a3 a4 19.Rc1 Ng4 20.Nf3 Nh6 21.h3 Qe7 22.Qd1  1/2-1/2

[Event "Voronezh op"]
[Site "Voronezh"]
[Date "1998.06.17"]
[Round "6"]
[White "Atalik, Suat"]
[Black "Manelis, Vladimir"]
[Result "1-0"]
[WhiteElo "2595"]
[BlackElo "2235"]

1.d4 d5 2.c4 e6 3.Nf3 Nf6 4.Nc3 Be7 5.Bf4 O-O 6.e3 b6 7.cxd5 Nxd5 8.Nxd5 exd5
9.Bd3 Bd6 10.O-O Bxf4 11.exf4 Bg4 12.Rc1 c6 13.h3 Bxf3 14.Qxf3 Qf6 15.Qh5 g6
16.Qe5 Qxe5 17.fxe5 a5 18.f4 Ra7 19.f5 Rc7 20.Rc3 c5 21.Bb5 Rfc8 22.fxg6 hxg6
23.Rf6 cxd4 24.Rxc7 Rxc7 25.Rd6 Kg7 26.a4 Rc2 27.Kf1 Rxb2 28.g4 Rc2 29.Rxb6 Rc8
30.Ke2 Rd8 31.Rb7 Kf8 32.Rc7 d3+ 33.Kxd3 d4 34.h4 Kg8 35.g5 Kf8 36.h5 gxh5
37.g6  1-0

[Event "SVK-ch"]
[Site "Prievidza"]
[Date "1998.06.29"]
[Round "3.43"]
[White "Dobrotka, Martin"]
[Black "Kisonova, Katarina"]
[Result "1-0"]
[WhiteElo "2235"]
[BlackElo "1902"]

1.d4 d5 2.c4 e6 3.Nf3 Nf6 4.Nc3 Be7 5.Bf4 c6 6.e3 O-O 7.Bd3 Nbd7 8.O-O b6
9.Rc1 Bb7 10.cxd5 Nxd5 11.Bg3 Nxc3 12.bxc3 c5 13.e4 Nf6 14.Qe2 Nh5 15.Rfd1 Kh8
16.Bb1 Nxg3 17.hxg3 Qc7 18.d5 exd5 19.exd5 c4 20.g4 g6 21.g5 Rfe8 22.Qd2 Rad8
23.Be4 Kg8 24.Rb1 Bc5 25.Qc2 Qf4 26.Re1 Bxd5 27.Bxd5 Rxe1+ 28.Rxe1 Rxd5 29.Re4 Qf5
30.a4 Kg7 31.Qe2 Rd1+ 32.Qxd1 Qxe4 33.Kf1 a6 34.Kg1 Be7 35.Qd7 Bxg5 36.Qxf7+ Kh6
37.Qxh7+ Kxh7 38.Nxg5+ Kg7 39.Nxe4 b5 40.axb5 axb5 41.Kf1  1-0

[Event "Dortmund"]
[Site "Dortmund"]
[Date "1998.07.04"]
[Round "8"]
[White "Beliavsky, Alexander G"]
[Black "Jussupow, Artur"]
[Result "0-1"]
[WhiteElo "2690"]
[BlackElo "2630"]

1.Nf3 d5 2.d4 Nf6 3.c4 e6 4.Nc3 Be7 5.Bf4 O-O 6.e3 c5 7.dxc5 Bxc5 8.Qc2 Nc6
9.a3 Qa5 10.O-O-O Be7 11.g4 dxc4 12.Bxc4 e5 13.g5 exf4 14.gxf6 Bxf6 15.Nd5 Ne7
16.Nxf6+ gxf6 17.Rhg1+ Kh8 18.Qe4 Ng6 19.Qd4 Qb6 20.Qxb6 axb6 21.Rd6 Bh3
22.Bd5 fxe3 23.fxe3 Rac8+ 24.Kb1 Rcd8 25.Rxd8 Rxd8 26.Bxf7 Bf5+ 27.Ka2 Be4
28.Nd4 Ne5 29.Be6 Re8 30.Bb3 Nc6 31.Nb5 Bg6 32.Re1 Na5 33.Bd5 Re5 34.Nc3 f5
35.b4 Nc6 36.Kb2 f4 37.e4 Rh5 38.Bxc6 Rxh2+ 39.Kb3 bxc6 40.Kc4 Bf7+ 41.Kd3 Rh3+
42.Kd2 Bc4 43.Na4 Rd3+ 44.Kc2 Rxa3 45.Nxb6 Bb5  0-1

[Event "SVK-ch"]
[Site "Prievidza"]
[Date "1998.07.05"]
[Round "9.45"]
[White "Kebis, Milos"]
[Black "Kisonova, Katarina"]
[Result "0-1"]
[WhiteElo "2125"]
[BlackElo "1902"]

1.d4 d5 2.c4 e6 3.Nc3 Nf6 4.Nf3 Be7 5.Bf4 O-O 6.Rc1 Nh5 7.Bd2 dxc4 8.e3 b6
9.Bxc4 Bb7 10.O-O Nf6 11.Qc2 Nbd7 12.e4 c5 13.d5 exd5 14.exd5 a6 15.a4 Bd6
16.Bg5 Qc7 17.h3 Rfe8 18.Rcd1 h6 19.Be3 Rad8 20.Nh4 Ne5 21.Be2 Bf8 22.Kh1 Rd7
23.Bf4 Qd8 24.Bg3 Nxd5 25.Nxd5 Rxd5 26.f4 Nc6 27.Rxd5 Qxd5 28.Bf3 Qd7 29.Bg4 Qd4
30.Rd1 Qe4 31.Qb3 Qb4 32.Qc2 Nd4 33.Qf2 Qxa4 34.f5 Be7 35.Re1 Bf6 36.Qf4 Rxe1+
37.Bxe1 Qe8 38.Bg3 Nb5 39.Nf3 Bxb2 40.Bh4 Bxf3 41.Qxf3 c4 42.f6 g5 43.Bg3 Qd8
44.Bf5 Qxf6 45.Qa8+ Kg7 46.Bc2 Bd4  0-1

[Event "Smith & Williamson"]
[Site "Witley"]
[Date "1998.07.21"]
[Round "3"]
[White "Beckett, Christopher J"]
[Black "Addison, Bret"]
[Result "0-1"]
[WhiteElo "2105"]
[BlackElo "2105"]

1.d4 d5 2.c4 e6 3.Nc3 Nf6 4.Nf3 Be7 5.Bf4 dxc4 6.Qa4+ c6 7.Qxc4 O-O 8.e3 b5
9.Qb3 Bb7 10.Be2 a6 11.h3 Nbd7 12.O-O c5 13.Rac1 cxd4 14.exd4 Rc8 15.Rfd1 Nb6
16.a3 Nbd5 17.Bg5 Nxc3 18.bxc3 Bd5 19.c4 bxc4 20.Bxc4 Rb8 21.Qa4 Bxf3 22.gxf3 Nd5
23.Bxe7 Qxe7 24.Bxd5 Qg5+ 25.Kh2 Qf4+ 26.Kg2 exd5 27.Qxa6 Qg5+ 28.Kh2 Rb2
29.Qf1 Qf4+ 30.Kg2 Rb6 31.Kh1 Rh6 32.Rc3 Qf5 33.Kh2 Re8 34.Re3 Qf4+ 35.Kg2 Rg6+
36.Kh1 Rge6 37.Rc3 h6 38.a4 Re2 39.Kg2 Qg5+ 40.Kh1 Qh4 41.Rc8 Rxc8 42.Qxe2 Qxh3+
43.Kg1 Kh7 44.Qd3+ f5 45.Qa6 Rf8 46.Qf1 Qxf3 47.Rd3 Qe4 48.f3 Qf4  0-1

[Event "Lost Boys op"]
[Site "Antwerp"]
[Date "1998.08.01"]
[Round "2"]
[White "Gurevich, Mikhail"]
[Black "Dutreeuw, Marc"]
[Result "1-0"]
[WhiteElo "2635"]
[BlackElo "2405"]

1.d4 d5 2.c4 e6 3.Nc3 Be7 4.Nf3 Nf6 5.Bf4 c5 6.dxc5 Bxc5 7.a3 Nc6 8.e3 a6
9.Rc1 d4 10.exd4 Nxd4 11.Ne5 O-O 12.Bd3 b6 13.b4 Be7 14.Be3 Nf5 15.Bxf5 exf5
16.Nc6 Qe8 17.Nxe7+ Qxe7 18.O-O Be6 19.Bxb6 Bxc4 20.Re1 Qb7 21.Qd6 Rfe8 22.Bd4 Nd7
23.Bxg7 Kxg7 24.Qd4+ Nf6 25.Qxc4 Qb6 26.Qf4 Rac8 27.Qg5+ Kh8 28.Rxe8+ Rxe8
29.Qxf5 Qd4 30.h3 Re6 31.Qf3 Kg7 32.Qg3+ Kh8 33.Rd1 Qb6 34.Na4 Qc6 35.Nc5  1-0

[Event "MK Cafe Cup-A"]
[Site "Koszalin"]
[Date "1998.08.06"]
[Round "4"]
[White "Volzhin, Alexander"]
[Black "Kharitonov, Andrei Y"]
[Result "1/2-1/2"]
[WhiteElo "2530"]
[BlackElo "2570"]

1.d4 d5 2.Nf3 Nf6 3.c4 e6 4.Nc3 Be7 5.Bf4 O-O 6.e3 c5 7.dxc5 Bxc5 8.cxd5 Nxd5
9.Nxd5 exd5 10.a3 Nc6 11.Bd3 Bb6 12.O-O Bg4 13.h3 Bh5 14.b4 Re8 15.Ra2 d4
16.b5 Ne5 17.Bxe5 Bxf3 18.Qxf3 Rxe5 19.exd4 Qxd4 20.Qxb7 Rd8 21.Re2 Rxe2
22.Bxe2 Qf4 23.Qf3  1/2-1/2

[Event "RUS-ch51"]
[Site "St Petersburg"]
[Date "1998.08.07"]
[Round "11"]
[White "Rustemov, Alexander"]
[Black "Lugovoi, Aleksei"]
[Result "0-1"]
[WhiteElo "2570"]
[BlackElo "2525"]

1.d4 Nf6 2.Nf3 e6 3.c4 d5 4.Nc3 Be7 5.Bf4 O-O 6.e3 c5 7.dxc5 Bxc5 8.a3 Nc6
9.Rc1 d4 10.Nxd4 Nxd4 11.b4 Bb6 12.exd4 Bxd4 13.Bd3 e5 14.Bg5 h6 15.Bh4 Bxc3+  0-1

[Event "MK Cafe Cup-A"]
[Site "Koszalin"]
[Date "1998.08.11"]
[Round "9"]
[White "Cyborowski, Lukasz"]
[Black "Kokkila, Tero"]
[Result "1-0"]
[WhiteElo "2390"]
[BlackElo "2335"]

1.c4 Nf6 2.Nf3 e6 3.Nc3 d5 4.d4 Be7 5.Bf4 O-O 6.e3 c5 7.dxc5 Bxc5 8.a3 Nc6
9.Rc1 dxc4 10.Qxd8 Rxd8 11.Bxc4 Bd7 12.b4 Be7 13.Ke2 Rac8 14.Bd3 Be8 15.e4 a5
16.b5 Bxa3 17.bxc6 Bxc1 18.Rxc1 Rxc6 19.Ne5 Rc5 20.Nc4 Rdc8 21.Nb6 Rd8 22.Be3 Rh5
23.h3 Bc6 24.f4 Nd7 25.Nc4 f5 26.Kf2 fxe4 27.Be2 Rf5 28.g4 Rff8 29.Nxa5 e5
30.Nxc6 bxc6 31.f5 g6 32.Bh6 gxf5 33.Bxf8 Rxf8 34.Ke3 Nc5 35.gxf5 Rxf5 36.Bg4 Rg5
37.Ne2 Nb3 38.Be6+  1-0

[Event "GER-ENG (Women)"]
[Site "Dresden"]
[Date "1998.08.16"]
[Round "1"]
[White "Sheldon, Ruth"]
[Black "Koglin, Anke"]
[Result "0-1"]
[WhiteElo "2220"]
[BlackElo "2270"]

1.d4 d5 2.c4 e6 3.Nf3 Nf6 4.Nc3 Be7 5.Bf4 O-O 6.e3 c5 7.dxc5 Bxc5 8.Qc2 Nc6
9.a3 Qa5 10.Rd1 Be7 11.h3 Ne4 12.cxd5 Nxc3 13.bxc3 exd5 14.Be2 Qxa3 15.Rxd5 Be6
16.Ng5 Bxg5 17.Rxg5 Qa1+ 18.Bd1 Bc4 19.Rc5 Ba6 20.c4 Qa3 21.Rh5 Qb4+ 22.Kf1 Qxc4+
23.Kg1 Qxc2 24.Bxc2 g6 25.Rc5 Rfc8 26.Be4 Nb4 27.Rxc8+ Rxc8 28.Kh2 Nd3 29.Bg3 Nc5
30.Rc1 b6 31.Bf3 Bd3 32.Be5 Bf5 33.Bd4 Nb3 34.Rxc8+ Bxc8 35.Bf6 Be6 36.Bc6 Nc5
37.Kg3 Bd7 38.Bd5 Be6 39.Bc6 Bc8 40.Kf4 Nd3+ 41.Kf3 a6 42.Ke2 Nb4 43.Be4 Be6
44.Bc3 a5 45.Bf6 b5 46.h4 Kf8 47.Kd2 Ke8 48.h5 Kd7 49.Be5 Bd5 50.Bxd5 Nxd5
51.hxg6 hxg6 52.g4 Ke6 53.f4 Nf6 54.g5 Ne4+ 55.Kd3 Kd5 56.Bg7 Nc5+ 57.Kc3 b4+
58.Kc2 Kc4 59.Bf6 a4 60.Bg7 a3 61.Bf6 b3+  0-1

[Event "Rubinstein mem 35th"]
[Site "Polanica Zdroj"]
[Date "1998.08.17"]
[Round "1"]
[White "Krasenkow, Michal"]
[Black "Karpov, Anatoly"]
[Result "1-0"]
[WhiteElo "2655"]
[BlackElo "2725"]

1.d4 Nf6 2.c4 e6 3.Nf3 d5 4.Nc3 Be7 5.Bf4 O-O 6.e3 c5 7.dxc5 Bxc5 8.a3 Nc6
9.b4 Be7 10.cxd5 Nxd5 11.Nxd5 exd5 12.Bd3 Bf6 13.Rc1 Bg4 14.O-O Qe7 15.h3 Bxf3
16.Qxf3 Rfd8 17.Rfd1 g6 18.Bb1 Ne5 19.Bxe5 Bxe5 20.Ba2 a5 21.Bxd5 Rd7 22.Rc4 axb4
23.axb4 Kg7 24.b5 Rad8 25.e4 h5 26.Qe3 Qf6 27.g3 h4 28.Rf1 hxg3 29.f4 Bc7
30.Qxg3 Qb6+ 31.Kg2 Qf6 32.Qc3 Qxc3 33.Rxc3 Bb6 34.Rfc1 Ra8 35.Kf3 Ra5 36.Rb1 Ra4
37.h4 f5 38.Rd3 fxe4+ 39.Bxe4 Rxd3+ 40.Bxd3 Bc7 41.Be4 Ra3+ 42.Kg4 Ra4 43.Rd1 Rc4
44.Rd7+ Kf8 45.Bxg6 Rxf4+ 46.Kg5 Rc4 47.h5 Bf4+ 48.Kf6 Rc8 49.h6 Kg8 50.Bf5 Re8
51.Be6+ Kh8 52.Bc4  1-0

[Event "RUS-Cup final"]
[Site "Samara"]
[Date "1998.08.30"]
[Round "2"]
[White "Yakovich, Yuri"]
[Black "Zvjaginsev, Vadim"]
[Result "1/2-1/2"]
[WhiteElo "2560"]
[BlackElo "2650"]

1.d4 Nf6 2.c4 e6 3.Nf3 d5 4.Nc3 Be7 5.Bf4 c5 6.dxc5 Na6 7.cxd5 exd5 8.e3 Nxc5
9.Be2 O-O 10.O-O a6 11.Rc1 Be6 12.Nd4 Rc8 13.Bf3 Qb6 14.Be5 Ncd7  1/2-1/2

[Event "RUS-Cup final"]
[Site "Samara"]
[Date "1998.09.01"]
[Round "4"]
[White "Yakovich, Yuri"]
[Black "Landa, Konstantin"]
[Result "1/2-1/2"]
[WhiteElo "2560"]
[BlackElo "2520"]

1.d4 Nf6 2.c4 e6 3.Nf3 d5 4.Nc3 Be7 5.Bf4 O-O 6.e3 c5 7.dxc5 Bxc5 8.a3 Nc6
9.Rc1 dxc4 10.Bxc4 Qxd1+ 11.Rxd1 a6 12.Bd3 Be7 13.O-O b5 14.Ne4 Bb7 15.Nd6 Bxd6
16.Bxd6 Rfd8 17.Bg3 Rd7 18.Ne5 Nxe5 19.Bxe5 Rad8 20.Be2 Rxd1 21.Rxd1 Rxd1+
22.Bxd1 Nd7 23.Bc3 f5 24.h3 Kf7 25.g4 Nf6 26.f3 g5 27.Kf2 h5 28.h4 hxg4 29.hxg5 Nh7
30.fxg4 fxg4 31.Bxg4 Nxg5 32.Bh5+ Ke7 33.Bb4+ Kf6 34.Kg3 Ne4+ 35.Kh4 Ke5
36.Bf3 Bd5 37.Bxe4  1/2-1/2

[Event "Cancan Veterans-Women"]
[Site "Roquebrune"]
[Date "1998.09.09"]
[Round "3"]
[White "Kortschnoj, Viktor"]
[Black "Ioseliani, Nana"]
[Result "1/2-1/2"]
[WhiteElo "2625"]
[BlackElo "2495"]

1.d4 d5 2.c4 e6 3.Nc3 Be7 4.Nf3 Nf6 5.Bf4 O-O 6.e3 c5 7.dxc5 Bxc5 8.cxd5 exd5
9.Be2 Nc6 10.O-O a6 11.Rc1 Be6 12.Ng5 Bd6 13.Nxe6 fxe6 14.Bg3 Bxg3 15.hxg3 Qe7
16.Qa4 Rac8 17.Qh4 Ne5 18.a3 Qf7 19.Qd4 Nc4 20.Bf3 e5 21.Qxd5 Nxd5 22.Bxd5 Nxb2
23.Bxf7+ Rxf7 24.Nd5 Rxc1 25.Rxc1 Rxf2 26.Kxf2 Nd3+ 27.Kf3 Nxc1 28.Ke4 a5
29.Kxe5 b5 30.e4 Ne2 31.g4 Kf7 32.Kd6 Nd4 33.g3 Ne6 34.e5 g5 35.Kc6 Nd4+
36.Kd7 Ne6 37.Kd6 Nd4 38.Kd7 Ne6 39.Kc6 Nd4+ 40.Kc5 Nc2 41.Kd6 Nd4 42.Ne3 b4
43.a4 b3 44.Nc4 Ne6 45.Kd5 Ke7 46.Nb2 Nd8 47.Ke4 Ne6 48.Kd3 Nc5+ 49.Kd4 Nd7
50.Kd5 Nb6+ 51.Kc5 Nd7+ 52.Kb5 Nxe5 53.Kxa5 Kd6 54.Kb6 Kd5 55.Kb5 Nc6 56.Nd1 Nd4+
57.Kb4 Kc6 58.Kc4 Ne2 59.Kxb3 Nxg3  1/2-1/2

[Event "CRO-chT"]
[Site "Porec"]
[Date "1998.09.10"]
[Round "5"]
[White "Rukavina, Josip"]
[Black "Gazarek, Danko"]
[Result "1/2-1/2"]
[WhiteElo "2430"]
[BlackElo "2310"]

1.Nf3 d5 2.d4 Nf6 3.c4 e6 4.Nc3 Be7 5.Bf4 O-O 6.e3 a6 7.a3 dxc4 8.Bxc4 b5
9.Bd3 Bb7 10.Qc2 Nbd7 11.Rd1 Rc8 12.b4 Bxf3 13.gxf3 Re8 14.Bg3 Nf8 15.Ne4 Nxe4
16.fxe4 c6 17.O-O a5 18.Rb1 Qb6 19.Rfc1 Red8 20.e5 Rd7 21.f4 axb4 22.axb4 Ra7
23.Be4 Ra3 24.Bf2 Qa6 25.Bxc6 Ra2 26.Qe4 Qa3 27.Rf1 Rd2 28.Rfd1 Rxd1+ 29.Rxd1 Qxb4
30.Rb1 Qd2 31.Be1 Qe2 32.Bxb5 Qg4+ 33.Kh1 Rb8 34.Qg2 Qf5 35.Rb3 Rxb5 36.Rxb5 Qd3
37.Rb7 Qxe3 38.Bf2 Qc1+ 39.Bg1 Ng6 40.f5 exf5 41.Qd5 Qc8 42.Qd7 Qc2 43.Qd5 h6
44.Ra7 Kh7 45.Ra2 Qb1 46.Ra7 Bg5 47.Qa2 Qd1 48.Qf2 Qb3 49.Qa2 Qd1 50.Qf2 Qb3
51.Qa2 Qd1  1/2-1/2

[Event "Karl Wagner mem 5th"]
[Site "Graz"]
[Date "1998.09.11"]
[Round "7.3"]
[White "Burmakin, Vladimir"]
[Black "Klovans, Janis"]
[Result "1-0"]
[WhiteElo "2560"]
[BlackElo "2465"]

1.d4 d5 2.Nf3 Nf6 3.c4 e6 4.Nc3 Be7 5.Bf4 O-O 6.e3 b6 7.cxd5 Nxd5 8.Nxd5 exd5
9.Bd3 c5 10.O-O Nc6 11.Bb5 Bb7 12.Qa4 Qc8 13.dxc5 bxc5 14.Rac1 Rd8 15.Rfd1 h6
16.a3 Qe6 17.Bc7 Rd7 18.Bg3 a6 19.Bd3 Rad8 20.Qf4 Qf6 21.Bf5 Qxb2 22.Bxd7 Rxd7
23.Qf5 Bc8 24.Rb1 Qf6 25.Qxf6 Bxf6 26.Rb6 Bb7 27.Rdb1 Na5 28.Be5 Bxe5 29.Nxe5 Rc7
30.Rd6 c4 31.Rd7 Rxd7 32.Nxd7 Bc6 33.Rb8+ Kh7 34.Nf8+ Kg8 35.Ne6+ Kh7 36.Nd4 c3
37.Rc8  1-0